Commentari in primam digesti novi partem

Sábháilte in:
Sonraí bibleagrafaíochta
Príomhchruthaitheoir: Rosate, Albericvs de (Údar)
Formáid: LEABHAR
Teanga:Laidin
Foilsithe / Cruthaithe: Bolonia Forni 1979
Sraith:Opera Ivridica Rariora, 25
Ábhair:
Clibeanna: Cuir clib leis
Níl clibeanna ann, Bí ar an gcéad duine le clib a chur leis an taifead seo!

MARC

LEADER 00000nam a2200000 a 4500
001 UCR2764
003 CL-VaPUC
008 980116e19790000IT |||||||||||||||||lat|d
082 0 4 |a 340.11  |b ROS  |2 21 
100 0 |a Rosate, Albericvs de  |e author  |9 401110 
245 1 0 |a Commentari in primam digesti novi partem 
300 |a 159 p 
942 |c BK 
945 |d 19980116 00:00:00  |a cmena 
260 |a Bolonia  |b Forni  |c 1979 
650 0 |a Dogmática jurídica  |9 337910 
650 0 |a Filosofía del derecho   |9 255050 
650 7 |a DERECHO ANTIGUO  |2 CL-VaPUC  |9 401111 
650 0 |a Codificación   |9 258568 
583 |a last modification  |c 19980116 00:00:00  |k Rodrigo Vera 
490 0 |a Opera Ivridica Rariora, 25 
999 |c 265893  |d 265891 
952 |0 0  |1 0  |4 0  |6 340_110000000000000_ROS_1979  |7 0  |8 DER_HIS  |9 297032  |a BIBDER  |b BIBDER  |d 2019-11-20  |i 194021K  |o 340.11 ROS 1979  |p 194021K  |r 2023-01-25  |w 2019-11-20  |x Ubicación 4to Piso  |y BK_X  |z Estos recursos deben solicitarse con anticipación  |k DER